Koktejly. : Rychle recepty - zaručený úspěch.
Uložené v:
| Médium: | Kniha |
|---|---|
| Jazyk: | Czech German |
| Vydané: |
Praha :
Rebo Productions, spol. s r.o.,
1993
|
| Vydanie: | 1. vyd. |
| Edícia: | Rebo zve ke stolu
|
| Témy: | |
| ISBN: |
8090152996 (viaz.) |
| Fyzický popis: |
96 s. |
| Tagy: |
Pridať tag
Žiadne tagy, Buďte prvý kto otaguje tento záznam!
|
Titul je dostupný aj v ... 

MARC
| LEADER | 00000nam a2200000 a 4500 | ||
|---|---|---|---|
| 001 | 000073921 | ||
| 003 | SVKK | ||
| 005 | 20010430000000.0 | ||
| 008 | 001018s1993 cs e czeo | ||
| 020 | |a 8090152996 (viaz.) | ||
| 040 | |a SVKKK |b slo |c SVKKK |e AACR2 | ||
| 041 | 1 | |a cze |h ger | |
| 044 | |a cs |c CS | ||
| 080 | |a 642.46(083.1) |2 1997 | ||
| 080 | |a 641.87(083.1) |2 1997 | ||
| 245 | 0 | 0 | |a Koktejly. : |b Rychle recepty - zaručený úspěch. |
| 250 | |a 1. vyd. | ||
| 260 | |a Praha : |b Rebo Productions, spol. s r.o., |c 1993 | ||
| 300 | |a 96 s. | ||
| 440 | 0 | |a Rebo zve ke stolu | |
| 653 | 0 | |a nápoje |2 SVKKKPH | |
| 653 | 0 | |a koktejly |2 SVKKKPH | |
| 653 | 0 | |a príprava |2 SVKKKPH | |
| 653 | 0 | |a recepty |2 SVKKKPH | |
| 655 | 7 | |a príručky |2 SVKKKPH | |
| 910 | |a svkkk | ||
| 919 | |a 80-901529-9-6 | ||
| 974 | |a UH |d 20001018 | ||
| 974 | |a PA |d 20001018 | ||
| 974 | |a PA |d 20010430 | ||
| 998 | |a BK | ||
| 090 | |g SCKHL |k Sklad Pribinova 2. posch. |a II.355398 |j 865596 |i 2720215451 |s Absenčne | ||
| 090 | |g SCKHL |k Sklad Pribinova 2. posch. |a II.355399 |j 865597 |i 2720051040 |4 Duplikát |s Návrh na vyradenie | ||